000 00602nam a2200229Ia 4500
003 OSt
005 20220928102626.0
006 a|||||r|||| 00| 0
007 ta
008 220927b |||||||| |||| 00| 0 eng d
024 _a43190
037 _cTextual
040 _aSDCL
_cSDCL
_beng
041 _2eng
_aeng
082 _aO-,3Mx, P8
100 _aJehlen Myra
_9399445
245 0 _aFive fictions in search of truth.
260 _aPrinceton
_bPrincton University Press
_c2008
300 _a170p.
_ccm.
942 _hO-,3Mx, P8
_cTEXL
_2CC
999 _c715303
_d715303